Normal view
MARC view
- Urdu language -- Dictionaries -- English
Entry Topical Term
001 - CONTROL NUMBER
- control field: 88798
003 - CONTROL NUMBER IDENTIFIER
- control field: NUST
005 - DATE AND TIME OF LATEST TRANSACTION
- control field: 20220204142559.0
008 - FIXED-LENGTH DATA ELEMENTS
- fixed length control field: 220204|| aca||aabn | a|a d
040 ## - CATALOGING SOURCE
- Original cataloging agency: NUST
- Transcribing agency: NUST
150 ## - HEADING--TOPICAL TERM
- Topical term or geographic name entry element: Urdu language -- Dictionaries -- English
670 ## - SOURCE DATA FOUND
- Source citation: Work cat.: (NUST)587672: Shakespear, John 88797, John Shakespear's Dictionary Urdu-English and English-Urdu, 2002.
